Corporate accounting / (Record no. 73005)

MARC details
000 -LEADER
fixed length control field 00760nam a22002417a 4500
005 - DATE AND TIME OF LATEST TRANSACTION
control field 20130116112229.0
008 - FIXED-LENGTH DATA ELEMENTS--GENERAL INFORMATION
fixed length control field 130116t xxu||||| |||| 00| 0 eng d
010 ## - LCCN (DPL NO)
LC control number ENG-106581
020 ## - INTERNATIONAL STANDARD BOOK NUMBER
International Standard Book Number 978120346277
Terms of availability 450.00
035 ## - SYSTEM CONTROL NUMBER
System control number EN-90114
037 ## - SOURCE OF ACQUISITION
Source of stock number/acquisition DBAD/PUB
040 ## - CATALOGING SOURCE
Original cataloging agency DPL
Language of cataloging ENG
082 ## - DEWEY DECIMAL CLASSIFICATION NUMBER
Classification number 657
100 ## - MAIN ENTRY--PERSONAL NAME
Personal name Goyal, V. K.
9 (RLIN) 54781
245 ## - TITLE STATEMENT
Title Corporate accounting /
Statement of responsibility, etc by V. K. Goyal [and] Ruchi Goyal
260 ## - PUBLICATION, DISTRIBUTION, ETC. (IMPRINT)
Place of publication, distribution, etc Delhi
Name of publisher, distributor, etc PHI Learning
Date of publication, distribution, etc 2013
270 ## - ADDRESS
Address Delhi
City Delhi
Postal code 110092
300 ## - PHYSICAL DESCRIPTION
Extent xiv, 630p.
Other physical details 24cm (pbk)
500 ## - GENERAL NOTE
General note Includes index
700 ## - ADDED ENTRY--PERSONAL NAME
Personal name Goyal, Ruchi
9 (RLIN) 54784
942 ## - ADDED ENTRY ELEMENTS (KOHA)
Source of classification or shelving scheme Dewey Decimal Classification
Item type English Books
Classification part 657
Call number suffix GOY
Holdings
Withdrawn status Lost status Source of classification or shelving scheme Damaged status Not for loan Collection code Home library Current library Date acquired Source of acquisition Cost, normal purchase price Total Checkouts Full call number Barcode Date last seen Copy number Cost, replacement price Koha item type
    Dewey Decimal Classification     Non-fiction D.B.Act.Division D.B.Act.Division 16/01/2013 DBAD/PUB 450.00   GOY 657 EN-90114 16/01/2013 1 450.00 English Books

© Delhi Public Library
Hit Counter
free hit counter